Airports in the United Kingdom - Sudden Death - Statistics

General Stats
  • This quiz has been taken 97 times
  • The average score is 9 of 15
Answers on the Grid
Answers color-coded by a green-red scale on the quiz's grid according to % correct below.
London Heathrow
London Gatwick
Manchester
London Stansted
London Luton
Edinburgh
Birmingham
Bristol
Glasgow
Belfast International
Newcastle
Liverpool
Leeds Bradford
London CIty
Aberdeen
London Harrow
London Bexley
Chester
Stirling
Grantham
Cork
Shannon
Vágar
Calgary
Halifax Stanfield International
Victoria International
York
RNZAF Base Ohakea
Christchurch
Albury
 
Answer Stats
Answer % Correct
London Heathrow
71%
Edinburgh
67%
Leeds Bradford
65%
London Stansted
65%
Manchester
65%
Belfast International
63%
Liverpool
63%
London Gatwick
62%
Birmingham
60%
Glasgow
60%
London Luton
60%
Newcastle
58%
Aberdeen
50%
Bristol
50%
London CIty
50%
No matching quizzes found
Score Distribution
Percent of People with Each Score
Percentile by Number Answered
Your Score History
You have not taken this quiz